00697cam a2200217 450000100060000000300080000600500170001400800410003103500190007204000320009104100080012308200180013110000270014924500920017626000480026830000320031635000090034850400480035765100290040565100450043427205BD-RjUL20211209051127.0140324s1970 nyub b 001 0 eng d a(BD-RjUL)27277 aDLCcDLCdDLCdBD-RjULbeng aeng00a959bALS 19701 aAllen, Richard,d1903-12aA short introduction to the history and politics of Southeast Asia /cby Richard Allen. aNew York :bOxford University Press,c1970. ax, 306 p. :bill. ;c22 cm. a6.50 a"Short bibliography": p. 248-272. and Index 0aSoutheast AsiaxHistory. 0aSoutheast AsiaxPolitics and government.